000 01495nam a2200217Ia 4500
003 Ost
005 20260507075805.0
008 260507s9999||||xx |||||||||||||| ||und||
020 _a9772231506
040 _cfsecg
041 _aara
100 _aالجزيري، خيري علي
_eمؤلف
245 0 _aنظم المعلومات الانتاجية (ك26) /
_c خيري علي الجزيري
260 _aالقاهرة:
_bمطبعة مركز التعليم المفتوح,
_c1993
300 _a272 صفحة؛
_bإيضاحات ؛
_c24 سم
504 _aمراجع ص.271
520 _aالنظام الانتاجي، نظم المعلومات الادارية، المجال الخاص بنظام المعلومات الانتاجية، الاطار العام لنظام المعلومات الانتاجية، تحليل نظم المعلومات، تحليل نظام معلومات تخطيط الانتاج، تحليل نظام معلومات تخطيط العمليات تحليل نظام معلومات ادارة الموارد، تحليل نظام معلومات مراقبة الجودة، تحليل نظام معلومات الصيانة، تصميم نظام المعلومات: المفاضلة بين بدائل التصميم، تصميم نظام المعلومات : الدراسة التفصيلية لتصميم نظام معلومات الذي تم اختياره
653 _aالانتاج
653 _aالنظم الانتاجية
942 _cكتاب
999 _c46380
_d46380